| 000 | 00687nam a2200229Ia 4500 | ||
|---|---|---|---|
| 003 | IN-BaIIA | ||
| 008 | 211028s9999 xx 000 0 eng d | ||
| 020 | _a978-1-4614-9425-6 | ||
| 040 | _cIIA Library | ||
| 080 |
_a629.78:551.1 _bMAT |
||
| 100 |
_aMatloff, Greg _936363 |
||
| 245 | 0 |
_aHarvesting space for a greener earth _cGreg Matloff, C. Bangs and Les Johnson |
|
| 250 | _a2nd ed. | ||
| 260 |
_aNew York _bSpringer _c2014 |
||
| 300 | _axv, 277p. | ||
| 650 |
_aAstronautics and civilization _936364 |
||
| 650 |
_aEnvironmental degradation _936365 |
||
| 650 |
_aEnvironmental responsibility _936366 |
||
| 700 |
_aBangs, C _936367 |
||
| 700 |
_aJohnson, Les _936368 |
||
| 942 | _cBK | ||
| 999 |
_c19044 _d19044 |
||